Historia de la guerra de España en el Pacífico / (Record no. 160811)

MARC details
000 -LEADER
campo de control de longitud fija 00868nam a22002175i 4500
001 - NÚMERO DE CONTROL
campo de control 160811
003 - IDENTIFICADOR DE NÚMERO DE CONTROL
campo de control ES-MaACL
005 - FECHA Y HORA DE LA ÚLTIMA TRANSACCIÓN
campo de control 20250831063041.0
008 - DATOS DE LONGITUD FIJA--INFORMACIÓN GENERAL
campo de control de longitud fija 990521s1882 sp bf |||| | spa d
040 ## - FUENTE DE CATALOGACIÓN
Centro catalogador/agencia de origen CCPB | B
Lengua de catalogación spa
Centro/agencia transcriptor CCPB | B
100 1# - ENTRADA PRINCIPAL--NOMBRE DE PERSONA
Nombre de persona Novo y Colson, Pedro de,
Fechas asociadas al nombre 1846-1931
9 (RLIN) 86091
245 10 - MENCIÓN DEL TÍTULO
Título Historia de la guerra de España en el Pacífico /
Mención de responsabilidad, etc. por Pedro de Novo y Colson.
250 ## - MENCION DE EDICION
Mención de edición Ed. de lujo.
260 ## - PUBLICACIÓN, DISTRIBUCIÓN, ETC.
Lugar de publicación, distribución, etc. Madrid :
Nombre del editor, distribuidor, etc. [s.n.],
Fecha de publicación, distribución, etc. 1882 (
Fabricante Imprenta de Fortanet)
300 ## - DESCRIPCIÓN FÍSICA
Extensión 533, [2] p., [11] h. de lám., [1] h. de map. pleg. ;
Dimensiones 27 cm.
599 ## - NOTA A LAS ILUSTRACIONES
NOTA A LAS ILUSTRACIONES Las h. de lám. lit.: ¨B. Maura, g.bó 1882 [-1883]¨.
599 ## - NOTA A LAS ILUSTRACIONES
NOTA A LAS ILUSTRACIONES La h. de map. pleg.: ¨E. Hernandez grabó¨ y ¨Lit. Espiritu Santo 18, Madrid¨.
650 #4 - PUNTO DE ACCESO ADICIONAL DE MATERIA--TÉRMINO DE MATERIA
Término de materia o nombre geográfico como elemento de entrada Guerra del Pacífico, 1865-1866.
9 (RLIN) 157880
852 ## - LOCALIZACIÓN
Ubicación ES-MaACL
Número de control de estantería G-2998
Nota libre -- Enc. hol.
Holdings
Estatus retirado Estado de pérdida Estado de daño No para préstamo Colección Biblioteca de origen Biblioteca actual Ubicación en estantería Fecha de adquisición Fuente de adquisición Total de préstamos Signatura topográfica completa Código de barras Visto por última vez Precio de reemplazo Tipo de ítem Koha
        Libros del s. XIX Biblioteca del Ateneo de Madrid Biblioteca del Ateneo de Madrid Depósito 2 17/01/2008     G-2998 1168400 23/02/2023 23/02/2023 Libro impreso antiguo